[Event "X Festival Sant'Anna A"]
[Site "Pisignano - Vernole ITA"]
[Date "2007.08.10"]
[Round "5"]
[White "Guido, Andrea"]
[Black "Sansonetti, Giorgio"]
[Result "1/2-1/2"]
[WhiteElo "1808"]
[BlackElo "2109"]
[PlyCount "213"]
[EventDate "2007.08.07"]

1. d4 e6 2. c4 c5 3. d5 exd5 4. cxd5 d6 5. e4 g6 6. Nc3 Bg7 7. Bd3 Nf6 8. f4
O-O 9. Nf3 Qb6 10. Qb3 Na6 11. O-O Qxb3 12. axb3 Nb4 13. Bb1 Bd7 14. Na2 Bb5
15. Re1 Nd3 16. Bxd3 Bxd3 17. Nc3 Rfd8 18. Re3 Ba6 19. h3 Nh5 20. Re1 Bd4+ 21.
Nxd4 cxd4 22. g4 dxc3 23. gxh5 Rac8 24. hxg6 hxg6 25. Re3 c2 26. Rc3 Re8 27.
Ra4 Rxc3 28. bxc3 f5 29. e5 dxe5 30. d6 exf4 31. d7 Rd8 32. Rd4 Bb5 33. Bxf4
Rxd7 34. Rxd7 Bxd7 35. Kf2 a5 36. Ke2 a4 37. bxa4 Bxa4 38. Kd3 Kf7 39. Kd4 Ke6
40. h4 b6 41. Kc4 Bc6 42. Kd4 Bg2 43. Kc4 Bf1+ 44. Kd4 Bb5 45. c4 Bc6 46. Kc3
Be4 47. Kd4 Kd7 48. Ke5 Bf3 49. Kd4 Ke6 50. Bg5 Be2 51. Kc3 Bf1 52. Kd4 Be2 53.
Bf4 Bf1 54. Bg5 Kd6 55. Bf4+ Kd7 56. Kd5 Be2 57. Bg5 Bf3+ 58. Kd4 Kc6 59. Bf4
Be4 60. Bg5 Kb7 61. Kc3 Ka6 62. Kb4 Bd3 63. Bf4 Be2 64. Bg5 b5 65. cxb5+ Bxb5
66. Kc3 Ba4 67. Kb4 Bc6 68. Kc5 Bf3 69. Bd2 Be4 70. Kb4 Kb6 71. Kc4 Kc6 72. Bf4
Bf3 73. Bg5 Kb6 74. Kb4 Be2 75. Kc3 Bd1 76. Kb4 Kc6 77. Kc4 Kd6 78. Kd4 Bf3 79.
Bf4+ Ke6 80. Kc4 Be4 81. Bg5 Bf3 82. Bf4 Bd1 83. Bg5 Kd6 84. Kd4 Bf3 85. Bf4+
Ke6 86. Bg5 Bc6 87. Bf4 Ba4 88. Bg5 Kd6 89. Bf4+ Kc6 90. Kc4 Bb5+ 91. Kd4 Kb6
92. Bd2 Be2 93. Kc3 Bd1 94. Kb4 Kc6 95. Kc4 Bf3 96. Bf4 Be4 97. Be3 Bf3 98. Bf4
Be2+ 99. Kc3 Kd5 100. Kxc2 Ke4 101. Bg5 f4 102. Kd2 Bb5 103. Ke1 Kf3 104. Bd8
Kg2 105. Bc7 f3 106. Bb6 Kg3 107. Bf2+ 1/2-1/2

[Event "X Festival Sant'Anna A"]
[Site "Pisignano - Vernole ITA"]
[Date "2007.08.10"]
[Round "5"]
[White "Isonzo, David"]
[Black "Sernagiotto, Mirko Virgilio"]
[Result "1-0"]
[WhiteElo "2356"]
[BlackElo "2128"]
[PlyCount "73"]
[EventDate "2007.08.07"]

1. e4 e5 2. Nf3 Nc6 3. Bb5 a6 4. Bxc6 dxc6 5. O-O Qd6 6. Na3 Be6 7. Qe2 f6 8.
Rd1 O-O-O 9. d4 Bg4 10. Be3 Qe6 11. dxe5 Rxd1+ 12. Qxd1 h6 13. Nd4 Qd7 14. f3
fxe5 15. fxg4 exd4 16. Qxd4 Qxd4 17. Bxd4 Nf6 18. Bxf6 Bc5+ 19. Kf1 Rf8 20. e5
gxf6 21. Ke2 Bxa3 22. bxa3 Re8 23. Rf1 Rxe5+ 24. Kd3 Re6 25. Rf5 b6 26. Rh5 c5
27. Rxh6 c4+ 28. Kd2 Kd7 29. Rg6 c6 30. g5 fxg5 31. Rxg5 Rf6 32. h4 Rf2+ 33.
Kc3 b5 34. h5 a5 35. h6 Re2 36. h7 Re3+ 37. Kd4 1-0

[Event "X Festival Sant'Anna A"]
[Site "Pisignano - Vernole ITA"]
[Date "2007.08.10"]
[Round "5"]
[White "Parrella, Alfredo"]
[Black "D'Orta, Antonio"]
[Result "0-1"]
[WhiteElo "2137"]
[BlackElo "1741"]
[PlyCount "86"]
[EventDate "2007.08.07"]

1. d4 Nc6 2. Nf3 d5 3. c4 e6 4. Nc3 Nf6 5. cxd5 exd5 6. Bf4 a6 7. e3 Bb4 8. Qb3
O-O 9. Bd3 Bg4 10. Ne5 Nxe5 11. Bxe5 Bxc3+ 12. Qxc3 c6 13. O-O Bh5 14. Qb4 Qd7
15. Rac1 Bg6 16. Be2 Rfe8 17. Bxf6 gxf6 18. Rc3 Rac8 19. Rfc1 Qe7 20. Qb6 Qc7
21. Qb3 Qd7 22. Qd1 Rc7 23. Qa4 Qf5 24. Qd1 Rce7 25. Qd2 Qg5 26. Bf1 Be4 27. f4
Qg4 28. h3 Qg3 29. Qf2 Qg6 30. b4 Kg7 31. a4 Bf5 32. Kh2 h5 33. h4 Kh7 34. Ra1
Rg8 35. b5 axb5 36. axb5 cxb5 37. Bxb5 Be4 38. Bf1 Qf5 39. g3 Qe6 40. Bh3 f5
41. Bf1 Qb6 42. Qe2 Kh6 43. Qb5 Qg6 0-1

[Event "X Festival Sant'Anna A"]
[Site "Pisignano - Vernole ITA"]
[Date "2007.08.10"]
[Round "5"]
[White "Patavia, Antonio"]
[Black "Piscopo, Pierluigi"]
[Result "1/2-1/2"]
[WhiteElo "2079"]
[BlackElo "2392"]
[PlyCount "113"]
[EventDate "2007.08.07"]

1. e4 c5 2. Nf3 Nc6 3. g3 g6 4. Bg2 Bg7 5. O-O d6 6. Re1 Nh6 7. h3 O-O 8. c3 e5
9. Na3 f5 10. d3 f4 11. gxf4 exf4 12. d4 cxd4 13. cxd4 g5 14. Nc4 Nf7 15. e5
dxe5 16. d5 Nb4 17. Nfxe5 Nxe5 18. Nxe5 Bf5 19. d6 Nc2 20. Bxb7 Nxe1 21. Qd5+
Kh8 22. Bxa8 Qe8 23. Bd2 Nc2 24. d7 Bxd7 25. Nxd7 Qxa8 26. Qxa8 Rxa8 27. Rc1
Nd4 28. Kf1 h6 29. Bc3 Rc8 30. Rd1 Ne6 31. Bxg7+ Kxg7 32. Rd2 f3 33. Kg1 Rc1+
34. Kh2 Re1 35. Kg3 Re2 36. Rd6 Nf4 37. Kxf3 Rxb2 38. h4 Rxa2 39. hxg5 hxg5 40.
Ne5 Nh3 41. Rg6+ Kh7 42. Kg4 Nxf2+ 43. Kxg5 Ne4+ 44. Kf4 Nc5 45. Rg1 a5 46. Ke3
Rc2 47. Kd4 a4 48. Nc4 Nb3+ 49. Kd3 Ra2 50. Kc3 Nc5 51. Rb1 Kg6 52. Kb4 Nd3+
53. Kc3 Nf4 54. Rb2 Nd5+ 55. Kc2 Ra1 56. Rb1 Ra2+ 57. Rb2 1/2-1/2

[Event "X Festival Sant'Anna A"]
[Site "Pisignano - Vernole ITA"]
[Date "2007.08.10"]
[Round "5"]
[White "Rotelli, Pietro"]
[Black "Castellaneta, Andrea"]
[Result "1/2-1/2"]
[WhiteElo "1978"]
[BlackElo "1797"]
[PlyCount "157"]
[EventDate "2007.08.07"]

1. d4 Nf6 2. c4 g6 3. Nc3 Bg7 4. e4 e6 5. e5 Ng8 6. f4 Ne7 7. Nf3 d5 8. Be3 b6
9. Qb3 O-O 10. cxd5 exd5 11. Be2 Be6 12. O-O Nd7 13. Ba6 c5 14. Qa3 Bg4 15.
dxc5 Bxf3 16. Rxf3 Nf5 17. c6 Nxe3 18. Rxe3 d4 19. Rd3 Nc5 20. Rd2 Bxe5 21.
fxe5 Qg5 22. Rad1 Qe3+ 23. Kh1 dxc3 24. bxc3 Ne4 25. Re2 Qxc3 26. Qa4 Nc5 27.
Qb5 Nxa6 28. Qxa6 Qxc6 29. h3 Rfe8 30. Rf1 Qc7 31. Ref2 Re7 32. Re2 Rae8 33.
Rfe1 Rxe5 34. Rxe5 Rxe5 35. Rxe5 Qxe5 36. Qxa7 Qe1+ 37. Kh2 Qe5+ 38. Kh1 Qe1+
39. Kh2 Qa5 40. Qb8+ Kg7 41. Qd6 Qxa2 42. Qxb6 Qe6 43. Qb2+ Qf6 44. Qe2 Qd6+
45. Kh1 h5 46. Qb2+ Qf6 47. Qe2 Qe6 48. Qb2+ Kf8 49. Qb8+ Ke7 50. Qc7+ Kf6 51.
Qc3+ Kf5 52. Qc2+ Kf4 53. Qf2+ Ke4 54. Qe2+ Kd4 55. Qd2+ Kc5 56. Qc3+ Qc4 57.
Qe5+ Kb4 58. Qb2+ Qb3 59. Qd4+ Ka3 60. Qa1+ Qa2 61. Qc3+ Ka4 62. Qd4+ Kb3 63.
Qd3+ Kb4 64. Qd4+ Qc4 65. Qb2+ Kc5 66. Qe5+ Qd5 67. Qc3+ Kd6 68. Qf6+ Qe6 69.
Qd4+ Ke7 70. Qc5+ Kf6 71. Qf2+ Kg7 72. Qd4+ Qf6 73. Qd1 Qe5 74. Qf3 f5 75. Qb7+
Kf6 76. Qb6+ Kg5 77. Qd8+ Kf4 78. Qd2+ Qe3 79. Qd6+ 1/2-1/2

[Event "X Festival Sant'Anna A"]
[Site "Pisignano - Vernole ITA"]
[Date "2007.08.10"]
[Round "5"]
[White "Strippoli, Michele"]
[Black "Sirena, Gianni"]
[Result "1/2-1/2"]
[WhiteElo "1911"]
[BlackElo "1806"]
[PlyCount "49"]
[EventDate "2007.08.07"]

1. d4 c5 2. c3 cxd4 3. cxd4 d6 4. Nf3 g6 5. e4 Bg7 6. Be2 Nf6 7. Nc3 O-O 8. O-O
a6 9. h3 b5 10. a3 Bb7 11. Qc2 Nbd7 12. Bg5 Rc8 13. Rac1 Bxe4 14. Qd2 Bb7 15.
Qe3 Nb6 16. Nd2 Nbd5 17. Nxd5 Nxd5 18. Qb3 Qb6 19. Nf3 h6 20. Be3 Nf6 21. a4 b4
22. Nd2 a5 23. Nc4 Qa7 24. d5 Qb8 25. Nb6 1/2-1/2

[Event "X Festival Sant'Anna A"]
[Site "Pisignano - Vernole ITA"]
[Date "2007.08.10"]
[Round "5"]
[White "Vespe, Francesco"]
[Black "Fontanarosa, Luca"]
[Result "0-1"]
[WhiteElo "2058"]
[BlackElo "1817"]
[PlyCount "66"]
[EventDate "2007.08.07"]

1. d4 d5 2. c4 c6 3. Nf3 Nf6 4. Nc3 e6 5. Bg5 dxc4 6. e4 b5 7. e5 h6 8. Bh4 g5
9. Nxg5 hxg5 10. Bxg5 Nbd7 11. exf6 Bb7 12. Be2 Qb6 13. Bf3 O-O-O 14. Be3 c5
15. a4 Bxf3 16. Qxf3 cxd4 17. Nxb5 Ne5 18. Qa8+ Kd7 19. Qxa7+ Qxa7 20. Nxa7
Nd3+ 21. Ke2 dxe3 22. fxe3 Bc5 23. Nb5 Kc6 24. Rab1 Rhg8 25. g3 Ne5 26. Rbc1
Rd3 27. Rc3 Rgd8 28. Rhc1 Rd2+ 29. Ke1 Rxb2 30. R1c2 Rd2 31. Rxb2 Rxb2 32. Nd4+
Kd5 33. Rc2 Bxd4 0-1

[Event "X Festival Sant'Anna A"]
[Site "Pisignano - Vernole ITA"]
[Date "2007.08.10"]
[Round "6"]
[White "Altini, Daniele"]
[Black "Guido, Andrea"]
[Result "1-0"]
[WhiteElo "2281"]
[BlackElo "1808"]
[PlyCount "59"]
[EventDate "2007.08.07"]

1. d4 Nf6 2. Bf4 e6 3. e3 c5 4. c3 cxd4 5. exd4 d5 6. Nf3 Nc6 7. Bd3 Bd6 8. Ne5
Qc7 9. Qe2 O-O 10. Nd2 a6 11. O-O b5 12. a3 Rb8 13. Rfe1 Bd7 14. Qf3 a5 15. Qh3
Ne7 16. Bg5 Ng6 17. Ndf3 Ne8 18. Bf4 f5 19. Nxg6 hxg6 20. Ng5 Nf6 21. Be5 Bc8
22. Qh4 Qe7 23. Re3 Nh5 24. g4 fxg4 25. Bxg6 Nf6 26. h3 g3 27. Rxg3 Bd7 28.
Bxf6 gxf6 29. Nf7 Qxf7 30. Bh7+ 1-0

[Event "X Festival Sant'Anna A"]
[Site "Pisignano - Vernole ITA"]
[Date "2007.08.10"]
[Round "6"]
[White "Altini, Nicola"]
[Black "Guccione, Daniele"]
[Result "1-0"]
[WhiteElo "1939"]
[BlackElo "1879"]
[PlyCount "81"]
[EventDate "2007.08.07"]

1. e4 e5 2. Nf3 Nc6 3. Bb5 a6 4. Ba4 Nf6 5. Qe2 b5 6. Bb3 Be7 7. O-O O-O 8. c3
d6 9. Rd1 Na5 10. Bc2 c5 11. d4 Qc7 12. h3 cxd4 13. cxd4 Bb7 14. Bg5 h6 15.
Bxf6 Bxf6 16. dxe5 Bxe5 17. Nxe5 dxe5 18. Nc3 Rfd8 19. Nd5 Bxd5 20. exd5 Nc4
21. Rac1 Qe7 22. b3 Nd6 23. Re1 Re8 24. f4 Qa7+ 25. Kh1 exf4 26. Qd2 Re3 27.
Rf1 g5 28. Bb1 Qd7 29. Rc6 Rc8 30. Qc2 f5 31. Rxd6 Rxc2 32. Rxd7 Rb2 33. Rc1
Re8 34. Bxf5 f3 35. Be6+ Kh8 36. gxf3 h5 37. Rcc7 Rb1+ 38. Kg2 Rb2+ 39. Kg3 h4+
40. Kg4 Rg2+ 41. Kh5 1-0

[Event "X Festival Sant'Anna A"]
[Site "Pisignano - Vernole ITA"]
[Date "2007.08.10"]
[Round "6"]
[White "Bitossi, Massimo"]
[Black "Del Giudice, Stefano"]
[Result "0-1"]
[WhiteElo "1892"]
[BlackElo "2030"]
[PlyCount "62"]
[EventDate "2007.08.07"]

1. d4 Nf6 2. Bf4 g6 3. e3 Bg7 4. Nf3 d6 5. Be2 O-O 6. O-O Nbd7 7. h3 c5 8. Nbd2
b6 9. a4 a6 10. c3 Bb7 11. Qb1 Re8 12. Rd1 Qc8 13. Bh2 e5 14. Nc4 Qc7 15. dxe5
dxe5 16. Nd6 Re6 17. Nxb7 Qxb7 18. Bc4 Ree8 19. Qa2 Re7 20. Ng5 Rf8 21. Qb3 h6
22. Nf3 Kh7 23. e4 Qxe4 24. Re1 Qb7 25. Nxe5 Nxe5 26. Rxe5 Rfe8 27. Rxe7 Rxe7
28. Rd1 Ne4 29. Bd5 Qa7 30. f3 c4 31. Qxc4 b5+ 0-1

[Event "X Festival Sant'Anna A"]
[Site "Pisignano - Vernole ITA"]
[Date "2007.08.10"]
[Round "6"]
[White "Castellaneta, Andrea"]
[Black "Quarta, Rocco"]
[Result "0-1"]
[WhiteElo "1797"]
[BlackElo "2061"]
[PlyCount "48"]
[EventDate "2007.08.07"]

1. e4 d6 2. d4 Nf6 3. Nc3 g6 4. Nf3 Bg7 5. Bc4 c6 6. O-O b5 7. Bd3 O-O 8. h3
Bb7 9. Be3 Nbd7 10. Ne2 Qc7 11. Qd2 c5 12. e5 Bxf3 13. exf6 Nxf6 14. gxf3 c4
15. Bxc4 bxc4 16. Bh6 Bxh6 17. Qxh6 Qb7 18. Kg2 Qxb2 19. h4 Qxc2 20. Ng1 Qf5
21. Nh3 c3 22. Ng5 Rab8 23. Rfe1 c2 24. Re4 Rb1 0-1

[Event "X Festival Sant'Anna A"]
[Site "Pisignano - Vernole ITA"]
[Date "2007.08.10"]
[Round "6"]
[White "Collutiis, Duilio"]
[Black "Dragojlovic, Andjelko"]
[Result "1/2-1/2"]
[WhiteElo "2405"]
[BlackElo "2432"]
[PlyCount "29"]
[EventDate "2007.08.07"]

1. e4 c5 2. Nc3 g6 3. d4 cxd4 4. Qxd4 Nf6 5. Nf3 Nc6 6. Qa4 d6 7. e5 dxe5 8.
Nxe5 Bg7 9. Nxc6 bxc6 10. Qxc6+ Bd7 11. Qa6 O-O 12. Be2 Qc7 13. O-O Rab8 14.
Qc4 Qa5 15. Qa6 1/2-1/2

[Event "X Festival Sant'Anna A"]
[Site "Pisignano - Vernole ITA"]
[Date "2007.08.10"]
[Round "6"]
[White "D'Orta, Antonio"]
[Black "Lazic, Miroljub"]
[Result "0-1"]
[WhiteElo "1741"]
[BlackElo "2470"]
[PlyCount "70"]
[EventDate "2007.08.07"]

1. e4 e5 2. Nf3 Nc6 3. Bb5 Nge7 4. c3 a6 5. Ba4 d6 6. d4 Bd7 7. d5 Nb8 8. c4
Ng6 9. g3 Be7 10. Nc3 O-O 11. Be3 Bh3 12. Rg1 Bg4 13. Bc2 Qd7 14. h3 Bxf3 15.
Qxf3 Qxh3 16. Rh1 Nh4 17. Rxh3 Nxf3+ 18. Ke2 Nd4+ 19. Kd3 Nxc2 20. Kxc2 Nd7 21.
Rah1 Nf6 22. g4 h6 23. f3 Nh7 24. Ne2 Bg5 25. Bf2 Rfe8 26. Ng3 Bf4 27. Nh5 Ng5
28. Nxf4 exf4 29. Rh5 Nxf3 30. Rf5 Rxe4 31. Kd3 Rae8 32. Rh3 Re3+ 33. Bxe3
Rxe3+ 34. Kc2 Nd4+ 35. Kc1 Rxh3 0-1

[Event "X Festival Sant'Anna A"]
[Site "Pisignano - Vernole ITA"]
[Date "2007.08.10"]
[Round "6"]
[White "Dappiano, Andrea"]
[Black "Vespe, Francesco"]
[Result "0-1"]
[WhiteElo "1914"]
[BlackElo "2058"]
[PlyCount "84"]
[EventDate "2007.08.07"]

1. c4 e5 2. Nc3 f5 3. d4 exd4 4. Qxd4 Nc6 5. Qe3+ Be7 6. Nd5 d6 7. b3 Kf7 8.
Bb2 Bf6 9. Nxf6 Nxf6 10. Nh3 Re8 11. Ng5+ Kg8 12. Qc3 h6 13. h4 Ne5 14. f3 Qe7
15. Nh3 Nh5 16. Nf2 Ng3 17. Rh2 Bd7 18. O-O-O Ng6 19. e4 Nf4 20. Kb1 fxe4 21.
fxe4 Nxe4 22. Nxe4 Qxe4+ 23. Bd3 Qe7 24. Bc2 Bc6 25. Qg3 Nh5 26. Qg6 Nf6 27.
Bxf6 Qxf6 28. Qh7+ Kf7 29. g4 Re5 30. Bd3 Rae8 31. g5 hxg5 32. hxg5 Rxg5 33.
Rf1 Qxf1+ 34. Bxf1 Be4+ 35. Bd3 Bxh7 36. Rxh7 Rg2 37. Rh1 Re3 38. Rd1 Reg3 39.
Be4 Rg1 40. Rc1 Rxc1+ 41. Kxc1 b6 42. Kd2 Rh3 0-1

[Event "X Festival Sant'Anna A"]
[Site "Pisignano - Vernole ITA"]
[Date "2007.08.10"]
[Round "6"]
[White "De Giorgi, Stefano"]
[Black "Sansonetti, Giorgio"]
[Result "1-0"]
[WhiteElo "2086"]
[BlackElo "2109"]
[PlyCount "117"]
[EventDate "2007.08.07"]

1. Nf3 c5 2. c4 g6 3. g3 Bg7 4. Bg2 Nc6 5. Nc3 Nh6 6. h4 d6 7. h5 Bg4 8. hxg6
hxg6 9. Nh2 Be6 10. d3 Qd7 11. Nf1 O-O-O 12. Qa4 a6 13. Ne3 Nf5 14. Ned5 Rxh1+
15. Bxh1 Bxd5 16. Nxd5 Kb8 17. Bd2 Ncd4 18. Qxd7 Rxd7 19. Rc1 e6 20. Nc3 Rd8
21. e3 Rh8 22. Bg2 Nc6 23. Ke2 Rh2 24. Bxc6 bxc6 25. Kf3 Be5 26. Ne4 d5 27.
cxd5 exd5 28. Nxc5 Bxg3 29. Be1 Bd6 30. Nxa6+ Ka7 31. Bb4 Nh4+ 32. Kg4 Be5 33.
d4 f5+ 34. Kg5 Bxd4 35. exd4 Kxa6 36. Bd6 Nf3+ 37. Kxg6 Rg2+ 38. Kxf5 Nxd4+ 39.
Ke5 Nf3+ 40. Kf4 Nd4 41. Ke3 Rg4 42. Bg3 Kb6 43. Bd6 Re4+ 44. Kd3 Nf3 45. Bc5+
Kb5 46. Be3 Ne5+ 47. Kc2 d4 48. Bd2 Re2 49. Re1 Rxe1 50. Bxe1 Nf3 51. Bd2 c5
52. b3 Nh2 53. a4+ Kb6 54. Kd3 Nf3 55. Bf4 Ka5 56. Kc4 Kb6 57. Kd3 Ka5 58. Ke4
Ne1 59. Bd2+ 1-0

[Event "X Festival Sant'Anna A"]
[Site "Pisignano - Vernole ITA"]
[Date "2007.08.10"]
[Round "6"]
[White "Dell'Anna, Michele"]
[Black "Gissi, Gilberto"]
[Result "1/2-1/2"]
[WhiteElo "1858"]
[BlackElo "2085"]
[PlyCount "80"]
[EventDate "2007.08.07"]

1. c4 e5 2. g3 Nf6 3. Bg2 Nc6 4. Nc3 Bb4 5. Nd5 Nxd5 6. Bxd5 d6 7. a3 Bc5 8. e3
a5 9. Qf3 O-O 10. h4 Rb8 11. h5 h6 12. b3 Ne7 13. Be4 c6 14. Bb2 f5 15. Bc2 e4
16. Qe2 b5 17. Nh3 Ba6 18. d3 bxc4 19. dxc4 Nd5 20. Nf4 Nxf4 21. gxf4 d5 22.
Rg1 Rf7 23. O-O-O Qe7 24. Qd2 Bxc4 25. Qxa5 Bxb3 26. Qc3 Bxc2 27. Kxc2 d4 28.
exd4 Bd6 29. Rg6 Bxf4 30. Rdg1 Bg5 31. Rxc6 f4 32. d5 Qa7 33. Rc8+ Rxc8 34.
Qxc8+ Kh7 35. Kb1 Qxf2 36. Rxg5 hxg5 37. Qe6 Qf1+ 38. Ka2 Qc4+ 39. Kb1 Qd3+ 40.
Ka2 Qc4+ 1/2-1/2

[Event "X Festival Sant'Anna A"]
[Site "Pisignano - Vernole ITA"]
[Date "2007.08.10"]
[Round "6"]
[White "Elia, Alessio"]
[Black "Rotelli, Pietro"]
[Result "0-1"]
[WhiteElo "1895"]
[BlackElo "1978"]
[PlyCount "76"]
[EventDate "2007.08.07"]

1. d4 d5 2. Nf3 Nf6 3. Bg5 Nbd7 4. e3 e6 5. Bd3 h6 6. Bh4 Be7 7. Nbd2 O-O 8.
O-O c5 9. c3 b6 10. Re1 Bb7 11. Qc2 Rc8 12. Rad1 c4 13. Be2 b5 14. h3 Ne4 15.
Bxe7 Qxe7 16. Nxe4 dxe4 17. Nd2 f5 18. f3 Nf6 19. f4 Nd5 20. Kf2 Rf6 21. g3 a5
22. a3 Ba6 23. Nf1 g6 24. g4 Rff8 25. Ng3 Qh4 26. Qd2 Kg7 27. Rg1 Kh7 28. Rg2
a4 29. Rdg1 Rg8 30. Kf1 Qf6 31. Bd1 Qe7 32. Bc2 Bb7 33. Qe2 Qf7 34. gxf5 exf5
35. Nxe4 fxe4 36. Bxe4 Nxf4 37. Rf2 Bxe4 38. Rxf4 Qxf4+ 0-1

[Event "X Festival Sant'Anna A"]
[Site "Pisignano - Vernole ITA"]
[Date "2007.08.10"]
[Round "6"]
[White "Fontanarosa, Luca"]
[Black "De Leon Cultri Fascetti, Angelo"]
[Result "1/2-1/2"]
[WhiteElo "1817"]
[BlackElo "2010"]
[PlyCount "38"]
[EventDate "2007.08.07"]

1. e4 c6 2. Nc3 d5 3. Nf3 Bg4 4. h3 Bxf3 5. Qxf3 e6 6. d3 dxe4 7. dxe4 Nf6 8.
Bf4 Be7 9. Bd3 Nbd7 10. O-O-O Qa5 11. Kb1 O-O-O 12. g4 h6 13. h4 Ne5 14. Qg3
Nxd3 15. Rxd3 Rxd3 16. cxd3 Bd8 17. Rc1 Bc7 18. Bxc7 Qxc7 19. e5 Ne8 1/2-1/2

[Event "X Festival Sant'Anna A"]
[Site "Pisignano - Vernole ITA"]
[Date "2007.08.10"]
[Round "6"]
[White "Laketic, Gojko"]
[Black "Bernabei, Alberto"]
[Result "1-0"]
[WhiteElo "2430"]
[BlackElo "1998"]
[PlyCount "55"]
[EventDate "2007.08.07"]

1. d4 f5 2. g3 Nf6 3. Bg2 g6 4. Nh3 Bg7 5. Nf4 O-O 6. h4 e5 7. dxe5 Ng4 8. e4
Nxe5 9. exf5 Rxf5 10. O-O Nbc6 11. Nc3 d6 12. Nfd5 Kh8 13. Nb5 Rf7 14. Bg5 Qf8
15. f4 Bg4 16. Qe1 Nc4 17. Nbxc7 Rxc7 18. Nxc7 Ne3 19. Nxa8 Nxf1 20. Qxf1 h6
21. Nc7 Bd4+ 22. Kh2 hxg5 23. Re1 Bd7 24. Ne6 Bxe6 25. Rxe6 gxh4 26. Rxg6 hxg3+
27. Kxg3 Kh7 28. Be4 1-0

[Event "X Festival Sant'Anna A"]
[Site "Pisignano - Vernole ITA"]
[Date "2007.08.10"]
[Round "6"]
[White "Naumkin, Igor"]
[Black "Isonzo, David"]
[Result "1/2-1/2"]
[WhiteElo "2490"]
[BlackElo "2356"]
[PlyCount "25"]
[EventDate "2007.08.07"]

1. d4 Nf6 2. c4 c5 3. d5 d6 4. Nc3 g6 5. e4 Bg7 6. Nf3 O-O 7. Be2 e6 8. O-O
exd5 9. cxd5 Na6 10. Bf4 Nc7 11. a4 b6 12. Nd2 Nfe8 13. Nc4 1/2-1/2

[Event "X Festival Sant'Anna A"]
[Site "Pisignano - Vernole ITA"]
[Date "2007.08.10"]
[Round "6"]
[White "Pace, Colin"]
[Black "Patavia, Antonio"]
[Result "1-0"]
[WhiteElo "2153"]
[BlackElo "2079"]
[PlyCount "125"]
[EventDate "2007.08.07"]

1. e4 e6 2. d4 d5 3. e5 Qd7 4. Bd3 b6 5. Qe2 a5 6. Nf3 Ba6 7. Bxa6 Nxa6 8. O-O
Ne7 9. Be3 Nf5 10. Nbd2 Be7 11. Rad1 c5 12. c3 Qc6 13. b3 O-O 14. g4 Nxe3 15.
fxe3 Nc7 16. c4 a4 17. Nb1 axb3 18. axb3 Ra1 19. Nc3 Rxd1 20. Rxd1 Ra8 21. Rf1
Ra3 22. Nd2 Ra8 23. Qd3 f6 24. Nf3 Ra3 25. exf6 gxf6 26. g5 dxc4 27. bxc4 f5
28. h4 Qe4 29. Qxe4 fxe4 30. Nxe4 Rxe3 31. Nf6+ Bxf6 32. gxf6 Rxf3 33. Rxf3
cxd4 34. Rg3+ Kf8 35. Rg7 Ne8 36. Re7 d3 37. Kf2 Nd6 38. Rxe6 Nxc4 39. Rc6 b5
40. Rc5 Kf7 41. Rxb5 Kxf6 42. Rh5 Kg6 43. Rd5 d2 44. Ke2 d1=Q+ 45. Rxd1 Ne5 46.
Kf2 Kf5 47. Kg3 h5 48. Rd5 Ke6 49. Rb5 Kf5 50. Ra5 Ke4 51. Ra6 Ng4 52. Rg6 Ne3
53. Rg5 Nf5+ 54. Kh3 Nd4 55. Rxh5 Kf4 56. Rh8 Kf5 57. Rg8 Ne6 58. Rg4 Nf4+ 59.
Kg3 Nh5+ 60. Kf3 Kf6 61. Rg5 Ng7 62. Kg4 Ne6 63. Ra5 1-0

[Event "X Festival Sant'Anna A"]
[Site "Pisignano - Vernole ITA"]
[Date "2007.08.10"]
[Round "6"]
[White "Piscopo, Pierluigi"]
[Black "Bozzali, Ermanno"]
[Result "1-0"]
[WhiteElo "2392"]
[BlackElo "2116"]
[PlyCount "29"]
[EventDate "2007.08.07"]

1. e4 c5 2. Nc3 Nc6 3. Nf3 e6 4. d4 cxd4 5. Nxd4 a6 6. Nxc6 bxc6 7. Bd3 d5 8.
Qe2 d4 9. Nb1 Bb4+ 10. Nd2 Qa5 11. O-O Nf6 12. Nf3 Qh5 13. Nxd4 Ng4 14. h3 e5
15. Nf5 1-0

[Event "X Festival Sant'Anna A"]
[Site "Pisignano - Vernole ITA"]
[Date "2007.08.10"]
[Round "6"]
[White "Sernagiotto, Mirko Virgilio"]
[Black "Rizzo, Giovanbattista"]
[Result "0-1"]
[WhiteElo "2128"]
[BlackElo "2112"]
[PlyCount "75"]
[EventDate "2007.08.07"]

1. Nf3 c5 2. c4 Nc6 3. Nc3 g6 4. g3 Bg7 5. Bg2 e6 6. d3 Nge7 7. O-O b6 8. Rb1
O-O 9. Bd2 Bb7 10. a3 d5 11. cxd5 Nxd5 12. Nxd5 Qxd5 13. b4 cxb4 14. axb4 Rfd8
15. Qb3 Nd4 16. Qd1 e5 17. Ne1 Qd7 18. Bxb7 Qxb7 19. e3 Nb5 20. f4 e4 21. d4
Nxd4 22. exd4 Bxd4+ 23. Kg2 Bc3 24. Bxc3 Rxd1 25. Rxd1 Qc6 26. Be5 Qb5 27. Rf2
Re8 28. Rc2 g5 29. Bf6 gxf4 30. gxf4 Qf5 31. Rd6 Qxf4 32. Rcd2 h6 33. Kg1 Kh7
34. Rg2 Rg8 35. Rxg8 Kxg8 36. Rd8+ Kh7 37. Rh8+ Kg6 38. Bd4 0-1

[Event "X Festival Sant'Anna A"]
[Site "Pisignano - Vernole ITA"]
[Date "2007.08.10"]
[Round "6"]
[White "Sirena, Gianni"]
[Black "Fasiello, Andrea"]
[Result "1-0"]
[WhiteElo "1806"]
[BlackElo "1906"]
[PlyCount "117"]
[EventDate "2007.08.07"]

1. e4 e5 2. f4 d6 3. Nf3 Nc6 4. Bc4 Be7 5. O-O Nf6 6. Nc3 O-O 7. d4 exd4 8.
Nxd4 Nxd4 9. Qxd4 Nd7 10. Kh1 Bf6 11. Qe3 Nb6 12. Bb3 Qe7 13. Nd5 Nxd5 14. Bxd5
Re8 15. Re1 c6 16. Bb3 g6 17. c3 Be6 18. Bc2 Bg7 19. Bd2 a6 20. Qf3 Bh6 21. Rf1
Qf8 22. Qg3 f5 23. Be3 Bg7 24. exf5 Bxf5 25. Bb3+ Kh8 26. Rae1 d5 27. Qf2 Bd3
28. Rg1 Re4 29. Bd1 a5 30. Bf3 Ree8 31. Bd4 Qxf4 32. Bxg7+ Kxg7 33. Qb6 Ba6 34.
Qxa5 Kh6 35. Qc5 Kg7 36. Re7+ Rxe7 37. Qxe7+ Qf7 38. Re1 Rf8 39. Kg1 Qxe7 40.
Rxe7+ Rf7 41. Rxf7+ Kxf7 42. Kf2 Kf6 43. Ke3 Ke5 44. b4 b6 45. a4 c5 46. bxc5
bxc5 47. Be2 c4 48. Bg4 h6 49. Bd7 Bb7 50. g3 g5 51. Bb5 h5 52. a5 h4 53. a6
Bc8 54. gxh4 gxh4 55. h3 d4+ 56. cxd4+ Kd5 57. a7 Bb7 58. Ba4 Ba8 59. Bd1 1-0

[Event "X Festival Sant'Anna A"]
[Site "Pisignano - Vernole ITA"]
[Date "2007.08.10"]
[Round "6"]
[White "Strippoli, Michele"]
[Black "Fiorentino, Maria Cristina"]
[Result "1-0"]
[WhiteElo "1911"]
[BlackElo "1666"]
[PlyCount "163"]
[EventDate "2007.08.07"]

1. d4 Nf6 2. Nf3 d5 3. e3 Bg4 4. c4 c6 5. Qb3 Qc7 6. Ne5 e6 7. Nc3 Bf5 8. Bd2
Nbd7 9. Nxd7 Qxd7 10. Rc1 Be7 11. cxd5 exd5 12. Na4 O-O 13. Be2 Bg6 14. f3 Rab8
15. O-O Rfe8 16. Nc5 Qc7 17. g3 h5 18. Nd3 Bd6 19. Nf4 Bxf4 20. gxf4 h4 21. Bb4
Nh5 22. Rf2 Qd7 23. Qa3 Re6 24. Bf1 Bf5 25. Qxa7 Rbe8 26. Bd2 Rg6+ 27. Rg2
Rxg2+ 28. Bxg2 Bh3 29. Rf1 Bxg2 30. Kxg2 h3+ 31. Kh1 Qe6 32. Qxb7 Nxf4 33. Qc7
Nd3 34. b3 f5 35. Qg3 f4 36. Qg5 fxe3 37. Be1 Qf6 38. Qh5 Rf8 39. Qxh3 Qxd4 40.
Qe6+ Kh7 41. Qh3+ Kg8 42. Qe6+ Kh7 43. Bg3 Rf6 44. Qh3+ Kg8 45. Bh4 Nf2+ 46.
Bxf2 exf2 47. Qg2 Qd3 48. Rxf2 Rg6 49. Qf1 Qxf1+ 50. Rxf1 Kf7 51. Rc1 Ke7 52.
Rg1 Rf6 53. Rxg7+ Kd6 54. Kg2 Kc5 55. Kf2 Kb4 56. Ke3 Rh6 57. Rg2 c5 58. Kd3
Rh3 59. Rf2 Rh4 60. f4 Rh3+ 61. Kc2 Ka3 62. f5 Kxa2 63. f6 Rh8 64. f7 Rf8 65.
Kc3+ Ka3 66. h4 d4+ 67. Kc4 d3 68. Kxd3 Kxb3 69. h5 c4+ 70. Kd4 c3 71. Rf3 Kb2
72. Rxc3 Rxf7 73. Rh3 Ra7 74. h6 Ra4+ 75. Kc5 Ra5+ 76. Kb4 Ra8 77. h7 Rh8 78.
Rh2+ Kc1 79. Kc5 Kd1 80. Kd6 Ke1 81. Ke7 Kf1 82. Kf7 1-0

[Event "X Festival Sant'Anna A"]
[Site "Pisignano - Vernole ITA"]
[Date "2007.08.10"]
[Round "6"]
[White "Tocchioni, Doriano"]
[Black "Bruno, Fabio"]
[Result "0-1"]
[WhiteElo "2261"]
[BlackElo "2443"]
[PlyCount "70"]
[EventDate "2007.08.07"]

1. Nf3 Nf6 2. d4 d5 3. g3 c6 4. Bg2 Bg4 5. h3 Bxf3 6. Bxf3 Nbd7 7. Bf4 Qb6 8.
b3 g6 9. Nc3 e5 10. dxe5 Bb4 11. Bd2 Qd4 12. exf6 Bxc3 13. Rb1 h5 14. Bxc3
Qxc3+ 15. Kf1 h4 16. g4 Qxf6 17. c4 dxc4 18. bxc4 Nc5 19. Kg2 O-O 20. Qc1 Ne6
21. Rxb7 Nf4+ 22. Kf1 Rab8 23. Rb3 Rxb3 24. axb3 Rb8 25. e3 Nd3 26. Qd1 Rd8 27.
g5 Qxg5 28. Qc2 Qa5 29. Bxc6 Nxf2 30. Bd5 Rxd5 31. cxd5 Nxh1 32. d6 Ng3+ 33.
Kf2 Qd8 34. Qc7 Qxd6 35. Qxa7 Qf6+ 0-1